| 000 | 00714nam a22001337a 4500 | ||
|---|---|---|---|
| 040 | _cRUA | ||
| 082 | _aAGR LAC 2014 B579 Or.1 | ||
| 100 | _aLACH LEANG CHI ឡាច លៀងជី | ||
| 245 | _aselection of hot pepper varieties for heat tolerance high yeild in dry season ការជ្រើសរើសពូជម្ទេសដែលធន់ទ្រាំទៅនឹងកំដៅមានទិន្នផលខ្ពស់ ហើយសមស្របនៅលក្ខខណ្ឌរដូវប្រាំង | ||
| 260 |
_aphnom penh _bRUA _c2014 |
||
| 300 |
_axi; 31; _billl; _c29cm; |
||
| 856 | _uhttps://drive.google.com/file/d/1jT_EVU7SPKfCCZLqh9YUv3wHdz2IJ40K/view?usp=sharing | ||
| 942 | _cAGR | ||
| 999 |
_c14796 _d14796 |
||